Least Populous of the Three Quiz Stats

 Plays Quiz Updated Aug 26, 2018

Score 0/27 Timer 04:00
23 Plays Today
Question Answer Wrong Answers
Luxembourg neighbors
11.49M - 67.11M - 80.59M
Belgium
94.3%
France
0.8%
Germany
0.9%
Guyana neighbors
0.59M - 31.30M - 207.35M
Suriname
94.1%
Venezuela
1.3%
Brazil
0.7%
Paraguay neighbors
11.14M - 44.29M - 207.35M
Bolivia
93.4%
Argentina
1.8%
Brazil
0.8%
Malaysia neighbors
0.44M - 68.41M - 260.58M
Brunei
93.2%
Thailand
1.4%
Indonesia
1.5%
Suriname neighbors
0.74M - 67.11M - 207.35M
Guyana
93.2%
France
1.9%
Brazil
0.9%
Venezuela neighbors
0.74M - 47.70M - 207.35M
Guyana
93.2%
Colombia
1.9%
Brazil
0.9%
North Korea neighbors
51.18M - 142.26M - 1,379.30M
South Korea
93%
China
0.6%
Russia
2.7%
Somalia neighbors
0.87M - 47.62M - 105.35M
Djibouti
92.5%
Kenya
1.2%
Ethiopia
2.4%
Cambodia neighbors
7.13M - 68.41M - 96.16M
Laos
92.4%
Thailand
1.6%
Vietnam
2.1%
Eritrea neighbors
0.87M - 37.35M - 105.35M
Djibouti
91.5%
Sudan
2.7%
Ethiopia
1.8%
Bosnia & Herzegovina neighbors
0.64M - 4.29M - 7.11M
Montenegro
89.9%
Serbia
3.2%
Croatia
3.1%
Djibouti neighbors
5.92M - 11.03M - 105.35M
Eritrea
89.5%
Somalia
4.7%
Ethiopia
1.9%
Norway neighbors
5.52M - 9.96M - 142.26M
Finland
87.5%
Sweden
7.5%
Russia
1.1%
Indonesia neighbors
1.29M - 6.91M - 31.38M
Timor-Leste
87.4%
Papua New Guinea
6.7%
Malaysia
2.1%
Mexico neighbors
0.36M - 15.46M - 326.63M
Belize
87.4%
Guatemala
7.3%
United States
1.6%
Gabon neighbors
0.78M - 4.95M - 24.99M
Equatorial Guinea
86.6%
Republic of Congo
3.3%
Cameroon
6.2%
Vietnam neighbors
7.13M - 16.20M - 1,379.30M
Laos
83.2%
Cambodia
12.1%
China
0.6%
Finland neighbors
5.32M - 9.96M - 142.26M
Norway
81.4%
Sweden
12.9%
Russia
1.8%
Chile neighbors
11.14M - 31.04M - 44.29M
Bolivia
78.6%
Peru
15.7%
Argentina
1.7%
Burundi neighbors
11.90M - 53.95M - 83.30M
Rwanda
76.4%
Tanzania
12.8%
Dem. Rep. of the Congo
7%
Togo neighbors
11.04M - 20.11M - 27.50M
Benin
67.9%
Burkina Faso
23.6%
Ghana
4.7%
Ghana neighbors
7.97M - 20.11M - 24.18M
Togo
62.5%
Burkina Faso
24.2%
Cote d'Ivoire
9.3%
Malawi neighbors
15.97M - 26.57M - 53.95M
Zambia
54.9%
Tanzania
12%
Mozambique
29.1%
Oman neighbors
6.07M - 28.04M - 28.57M
United Arab Emirates
46.1%
Yemen
45.7%
Saudi Arabia
4.5%
Palestine neighbors
8.30M - 10.25M - 97.04M
Israel
43.6%
Egypt
4.5%
Jordan
48.1%
Liberia neighbors
6.16M - 12.41M - 24.18M
Sierra Leone
42%
Guinea
36.1%
Cote d'Ivoire
17.9%
Honduras neighbors
6.03M - 6.17M - 15.46M
Nicaragua
17.7%
El Salvador
64.1%
Guatemala
14.6%

You're not logged in!

Compare scores with friends on all Sporcle quizzes.
OR
Log In

Sporcle TV

Today on Sporcle TV


Watch our educational content, quiz creation guides, and fun videos on Sporcle TV.

Show Comments

Extras

Top Quizzes Today


Score Distribution

Your Account Isn't Verified!

In order to create a playlist on Sporcle, you need to verify the email address you used during registration. Go to your Sporcle Settings to finish the process.

Report this User

Report this user for behavior that violates our Community Guidelines.

Details: